Differential calculus and holomorphy : real and complex analysis in locally convex spaces /

Guardado en:
Autor Principal: Colombeau, Jean François, 1947-
Formato: Libro
Idioma:English
Publicado: Amsterdam : North-Holland, 1982.
Series:North-Holland mathematics studies ; 64
Notas de matemática (Rio de Janeiro, Brasil) ; no. 84.
Materias:
Etiquetas: Agregar Etiqueta
Sin Etiquetas, Sea el primero en etiquetar este registro!
LEADER 00992cam a2200265 a 4500
001 MAT.inmabb004990
008 820304s1982####ne#######b####001#0#eng##
005 20130314130728.0
245 1 0 |a Differential calculus and holomorphy :  |b real and complex analysis in locally convex spaces /  |c Jean François Colombeau. 
260 |a Amsterdam :  |b North-Holland,  |c 1982. 
300 |a xii, 455 p. ;  |c 24 cm. 
440 0 |a North-Holland mathematics studies ;  |v 64 
490 1 |a Notas de matemática ;  |v 84 
504 |a Bibliografía: p. 431-452. 
510 4 |a MR,  |c 84i:46005 
020 |a 0444863974 (Elsevier : pbk.) 
100 1 |a Colombeau, Jean François,  |d 1947- 
830 0 |a Notas de matemática (Rio de Janeiro, Brasil) ;  |v no. 84. 
650 0 |a Locally convex spaces. 
650 0 |a Differential calculus. 
650 0 |a Holomorphic functions. 
084 |a 46-02 (26E10 26E15 32K15 46Gxx 58J20)  |2 msc2000 
010 |a  82003523  
040 |a DLC  |c DLC  |d DLC 
859 |h 46  |i C718  |p A-5741  |b BIB. MATEMATICA